Philosophy : (Record no. 3741)
[ view plain ]
| 000 -LEADER | |
|---|---|
| fixed length control field | 00659cam a2200193 a 4500 |
| 020 ## - INTERNATIONAL STANDARD BOOK NUMBER | |
| ISBN | 0155018620 |
| 050 00 - CALL NUMBER | |
| Classification number | B21 |
| Item number | .P67 1995 |
| 100 1# - AUTHOR | |
| Personal name | Porter, Burton F. |
| 245 10 - TITLE | |
| Title | Philosophy : |
| Remainder of title | a literary and conceptual approach / |
| Statement of responsibility, etc | Burton F. Porter. |
| 250 ## - EDITION | |
| Edition statement | 3rd ed. |
| 260 ## - PUBLICATION INFORMATION | |
| Place of publication | Fort Worth : |
| Name of publisher | Harcourt Brace College Publishers, |
| Year of publication | c1995. |
| 300 ## - DESCRIPTION | |
| Number of Pages | xi, 448 p. ; |
| Dimensions | 24 cm. |
| 505 ## - FORMATTED CONTENTS NOTE | |
| Table of Content | Personal identity as essentially internal<br/>The duality of mind and body<br/>Identity as socially defined<br/>Defining oneself through committment |
| 650 #0 - SUBJECTS | |
| Topical Term | Philosophy. |
| 650 #0 - SUBJECTS | |
| Topical Term | Self (Philosophy) |
| 650 #0 - SUBJECTS | |
| Topical Term | Good and evil. |
| 650 #0 - SUBJECTS | |
| Topical Term | Reality. |
| 942 ## - ADDED ENTRY ELEMENTS (KOHA) | |
| Koha item type | Books |
| Withdrawn status | Lost status | Collection code | Home library | Current library | Shelving location | Date acquired | Full call number | Accession Number | Koha item type |
|---|---|---|---|---|---|---|---|---|---|
| Reference | Methodist University Library Main | Methodist University Library Main | General Stacks | 19/07/2018 | B21 .P67 1995 | 25926 | Books |